|
|
|
|
| LEADER |
00000cam a22000002c 4500 |
| 001 |
1840042141 |
| 003 |
DE-627 |
| 005 |
20250628214735.0 |
| 007 |
cr uuu---uuuuu |
| 008 |
230324s2018 xx |||||o 00| ||eng c |
| 024 |
7 |
|
|a 10.3886/ICPSR36460.v1
|2 doi
|
| 035 |
|
|
|a (DE-627)1840042141
|
| 035 |
|
|
|a (DE-599)KXP1840042141
|
| 040 |
|
|
|a DE-627
|b ger
|c DE-627
|e rda
|
| 041 |
|
|
|a eng
|
| 084 |
|
|
|a 2,1
|2 ssgn
|
| 100 |
1 |
|
|a Schanzer, David
|e VerfasserIn
|4 aut
|
| 245 |
1 |
4 |
|a The Challenge and Promise of Using Community Policing Strategies to Prevent Violent Extremism, United States, 2014
|
| 264 |
|
1 |
|a [Erscheinungsort nicht ermittelbar]
|b [Verlag nicht ermittelbar]
|c 2018
|
| 336 |
|
|
|a Text
|b txt
|2 rdacontent
|
| 337 |
|
|
|a Computermedien
|b c
|2 rdamedia
|
| 338 |
|
|
|a Online-Ressource
|b cr
|2 rdacarrier
|
| 520 |
|
|
|a These data are part of NACJD's Fast Track Release and are distributed as they were received from the data depositor. The files have been zipped by NACJD for release, but not checked or processed except for the removal of direct identifiers. Users should refer to the accompanying readme file for a brief description of the files available with this collection and consult the investigator(s) if further information is needed. The study contains data from a survey of 480 large (200+ sworn officers) state and local law enforcement agencies, and 63 additional smaller county and municipal agencies that experienced violent extremism. These data were collected as part of a project to perform a comprehensive assessment of challenges and opportunities when developing partnerships between police and communities to counter violent extremism. Qualitative data collected as a part of this project are not included in this release. This collection includes one tab-delimited data file: "file6-NIJ-2012-3163-Survey-Responses.csv" with 194 variables and 382 cases.
|
| 540 |
|
|
|a ICPSR Terms of Use
|
| 650 |
|
4 |
|a Islam
|
| 650 |
|
4 |
|a Muslims--United States
|
| 650 |
|
4 |
|a Community Policing
|
| 650 |
|
4 |
|a Counterterrorism
|
| 650 |
|
4 |
|a Extremism
|
| 650 |
|
4 |
|a Law Enforcement
|
| 650 |
|
4 |
|a police citizen interactions
|
| 650 |
|
4 |
|a Police Training
|
| 655 |
|
7 |
|a Forschungsdaten
|0 (DE-588)1098579690
|0 (DE-627)857755366
|0 (DE-576)469182156
|2 gnd-content
|
| 700 |
1 |
|
|a Kurzman, Charles
|e MitwirkendeR
|4 ctb
|
| 787 |
0 |
8 |
|i Forschungsdaten zu
|a Schanzer, David
|t The challenge and promise of using community policing strategies to prevent violent extremism
|d 2016
|w (DE-627)1912474441
|
| 787 |
0 |
8 |
|i Forschungsdaten zu
|a Schanzer, David
|t The Challenge and Promise of Using Community Policing Strategies to Prevent Violent Extremism: A Call for Community Partnerships with Law Enforcement to Enhance Public Safety
|d Triangle Center on Terrorism and Homeland Security, Sanford School of Public Policy, Duke University, 2016
|w (DE-627)191247445X
|
| 787 |
0 |
8 |
|i Forschungsdaten zu
|a Schnazer, David
|t The Challenge and Promise of Using Community Policing Strategies to Prevent Violent Extremism: A Call for Community Partnerships with Law Enforcement to Enhance Public Safety
|d Triangle Center on Terrorism and Homeland Security, Sanford School of Public Policy, Duke University, 2016
|w (DE-627)1912474468
|
| 787 |
0 |
8 |
|i Forschungsdaten zu
|a Picarelli, John
|t Community-Level Efforts to Prevent Violent Extremism
|d [Erscheinungsort nicht ermittelbar] : National Institute of Justice, 2016
|w (DE-627)191248482X
|
| 787 |
0 |
8 |
|i Forschungsdaten zu
|a Schanzer, David
|t Community Policing Strategies for Countering Violent Extremism
|d [Erscheinungsort nicht ermittelbar] : National Institute of Justice, 2013
|w (DE-627)1912485419
|
| 787 |
0 |
8 |
|i Forschungsdaten zu
|a Kurzman, Charles, 1963 -
|t Ideology and threat assessment: Law enforcement evaluation of Muslim and right-wing extremism
|d 2017
|w (DE-627)1912580098
|
| 787 |
0 |
8 |
|i Forschungsdaten zu
|a Kurzman, Charles, 1963 -
|t Law Enforcement Assessment of the Violent Extremism Threat
|d [Erscheinungsort nicht ermittelbar] : Triangle Center on Terrorism and Homeland Security, 2015
|w (DE-627)1912606607
|
| 856 |
4 |
0 |
|u https://doi.org/10.3886/ICPSR36460.v1
|x Resolving-System
|z kostenfrei
|3 Volltext
|7 0
|
| 935 |
|
|
|a mkri
|
| 951 |
|
|
|a BO
|
| ELC |
|
|
|a 1
|
| LOK |
|
|
|0 000 xxxxxcx a22 zn 4500
|
| LOK |
|
|
|0 001 4296789422
|
| LOK |
|
|
|0 003 DE-627
|
| LOK |
|
|
|0 004 1840042141
|
| LOK |
|
|
|0 005 20230324125135
|
| LOK |
|
|
|0 008 230324||||||||||||||||ger|||||||
|
| LOK |
|
|
|0 035
|a (DE-2619)ICPSR36460
|
| LOK |
|
|
|0 040
|a DE-2619
|c DE-627
|d DE-2619
|
| LOK |
|
|
|0 092
|o n
|
| LOK |
|
|
|0 852
|a DE-2619
|
| LOK |
|
|
|0 852 1
|9 00
|
| LOK |
|
|
|0 935
|a foda
|a nacj
|
| LOK |
|
|
|0 939
|a 24-03-23
|b l01
|
| OAS |
|
|
|a 1
|
| ORI |
|
|
|a SA-MARC-krimdoka001.raw
|